|
|
|
|
| LEADER |
00562cam a2200169 7i4500 |
| 001 |
0000029971 |
| 005 |
20130830090000.0 |
| 020 |
0 |
0 |
|a 9781845695385
|
| 090 |
0 |
0 |
|a P 677
|b NEW
|
| 245 |
0 |
0 |
|a New product development in textiles :
|b innovation and production.
|
| 260 |
0 |
0 |
|a Oxford:
|b Woodhead Publishing,
|c 2012.
|
| 300 |
# |
# |
|a 203 p.
|
| 650 |
0 |
0 |
|a Product management
|
| 650 |
0 |
0 |
|a New products
|
| 650 |
0 |
0 |
|a Textile industry --
|x Technology innovations
|
| 650 |
0 |
0 |
|a Textile fabrics --
|x Technological innovations
|
| 999 |
|
|
|a 0000032731
|b Book
|c Products
|e Business Information Centre
|